| Registos Bibliográficos associados ao registo de autoridade |
|
Etiqueta de registo: 00000nkm 2200025 450 001 2271846 003 http://id.bnportugal.gov.pt/bib/catbnp/2271846 100 ## $a20260225d1993 m y0pory01030103ba 101 0# $apor 102 ## $aPT 200 1# $a2º Concurso de Banda Desenhada, Loulé 93$bVisual gráfico]$fCâmara Municipal de Loulé$gTipografia Comercial - Arnaldo Matos Pereira, Lda. 210 #9 $aLoulé$cCâmara Municipal de Loulé,$d1993$eLoulé :$gTipografia comercial - Arnaldo Matos Pereira, Lda.) 215 ## $a1 cartaz$ccolor.$d69,5x49,7 cm 317 ## $aColeção Madeira Luís 675 ## $a766(=1:469)"198"(084.5)$vBN$zpor$31302430 710 12 $aConcurso de Banda Desenhada,$d2,$eLoulé,$f1993$31987435 712 02 $aTipografia Comercial - Arnaldo Matos Pereira,$eLoulé,$4410$31987436 712 01 $aLoulé.$bCâmara Municipal$4557$330552 801 #0 $aPT$bBN$gRPC 966 ## $lBN$mICONOG$sCT. 22442 A.$x3 971 ## $cCaticonografia9$d20260225 972 ## $d20260227 $e0$vmferro $z0 995 ## $aPRR2026 $d20260225$iCaticonografia9
|
|
|